Every Song by Loathe - Statistics

General Stats
  • This quiz has been taken 20 times
  • The average score is 19 of 47
Answer Stats
Album Song % Correct
I Let It In and It Took Everything(2020) Is It Really You?
100%
I Let It In and It Took Everything(2020) I Let It In and It Took Everything...
88%
I Let It In and It Took Everything(2020) Screaming
82%
The Cold Sun(2017) Babylon...
71%
I Let It In and It Took Everything(2020) Gored
71%
I Let It In and It Took Everything(2020) Red Room
71%
The Cold Sun(2017) The Cold Sun
71%
I Let It In and It Took Everything(2020) Aggressive Evolution
65%
I Let It In and It Took Everything(2020) A Sad Cartoon
65%
I Let It In and It Took Everything(2020) A Sad Cartoon (Reprise)
65%
I Let It In and It Took Everything(2020) New Faces in the Dark
65%
I Let It In and It Took Everything(2020) Broken Vision Rhythm
59%
The Cold Sun(2017) Loathe
59%
I Let It In and It Took Everything(2020) Theme
59%
I Let It In and It Took Everything(2020) Two-Way Mirror
59%
This Is as One(2018) White Hot
59%
I Let It In and It Took Everything(2020) 451 Days
53%
I Let It In and It Took Everything(2020) Heavy Is the Head That Falls with the Weight of a Thousand Thoughts
53%
The Cold Sun(2017) P.U.R.P.L.E.
53%
The Cold Sun(2017) East of Eden
47%
The Cold Sun(2017) It's Yours
47%
The Cold Sun(2017) Stigmata
41%
The Cold Sun(2017) Dance on My Skin
35%
Prepare Consume Proceed(2015) In Death
35%
This Is as One(2018) Servant and Master
35%
The Things They Believe(2021) The Things They Believe
35%
Prepare Consume Proceed(2015) Banshee
29%
Prepare Consume Proceed(2015) Gehenna
29%
The Cold Sun(2017) Nothing More
29%
The Cold Sun(2017) The Omission
29%
The Cold Sun(2017) 3990
24%
The Things They Believe(2021) Do You-
24%
The Things They Believe(2021) -Remember-
24%
The Things They Believe(2021) -The Moment?
24%
The Cold Sun(2017) Never More
18%
The Things They Believe(2021) Perpetual Sunday Evening
18%
Prepare Consume Proceed(2015) Sheol
18%
Prepare Consume Proceed(2015) Solace; In Soil
18%
The Things They Believe(2021) Keep Fighting the Good Fight
12%
The Things They Believe(2021) Love in Real Time
12%
Prepare Consume Proceed(2015) Rest; In Violence
12%
Prepare Consume Proceed(2015) The Inevitable
12%
The Things They Believe(2021) The Rain Outside...
12%
The Things They Believe(2021) The Year Everything and Nothing Happened
12%
The Things They Believe(2021) Black Marble
6%
The Things They Believe(2021) Don't Get Hurt
6%
The Things They Believe(2021) You Never Came Back
6%
No matching quizzes found
Score Distribution
Percent of People with Each Score
Percentile by Number Answered
Your Score History
You have not taken this quiz